| 000 | 00920cam a2200229 4500 | ||
|---|---|---|---|
| 001 | WB3725-34 | ||
| 008 | 000000n2001 000 0 eng u | ||
| 035 | _a(Sirsi) u113296 | ||
| 245 | _aBan traffic from your street | ||
| 260 | _c2001 | ||
| 490 |
_aSunday Times _v24 June 2001, 12.2(2) |
||
| 520 | _aThe introduction of Home Zones could improve house prices as well as enhancing the quality of urban life and tackling road safety. Home Zones cover residential streets and give priority to walking and cycling over traffic. Local authorities have responded positively to the £30m programme and those not accepted for the pilot intend to set up similar schemes. | ||
| 590 | _aWB | ||
| 650 | _aHOME ZONES | ||
| 650 | _aSAFETY | ||
| 650 | _aRESIDENTIAL STREETS | ||
| 650 | _aTRAFFIC REDUCTION | ||
| 650 | _aHOUSE PRICES | ||
| 650 | _aTOWN PLANNING | ||
| 690 | _aTRANSPORT AND COMMUNICATIONS | ||
| 942 | _n0 | ||
| 999 |
_c67487 _d67487 |
||